Los fundamentos de la evolución humana / (Record no. 18942)

000 -CABECERA
fixed length control field 01101nam a22002537a 4500
003 - IDENTIFICADOR DEL NÚMERO DE CONTROL
control field AR-CdUCM
008 - DATOS DE LONGITUD FIJA--INFORMACIÓN GENERAL
fixed length control field 190515b ||||| |||| 00| 0 spa d
040 ## - FUENTE DE LA CATALOGACIÓN
Agencia/entidad que catalogó originalmente la obra MUNICIPALIDAD PROVINCIAL DEL CUSCO
Entidad que transcribió la catalogación BIBLIOTECA MUNICIPAL DEL CUSCO
082 ## - NÚMERO DE LA CLASIFICACIÓN DECIMAL DEWEY
No. de la edición 2ed.
No. de Clasificación 573.3 /
Notacion interna C68
100 ## - ENTRADA PRINCIPAL--NOMBRE DE PERSONA
Nombre Personal Clark, Wilfrid Edward Le Gros
245 ## - MENCIÓN DE TÍTULO
Título Los fundamentos de la evolución humana /
260 ## - PUBLICACIÓN, DISTRIBUCIÓN, ETC.
Lugar de publicación, distribución, etc. Buenos Aires :
Nombre de la editorial, distribuidor, etc. EUDEBA,
Fecha de publicación, distribución, etc. 1964.
300 ## - DESCRIPCIÓN FÍSICA
Nº de Páginas Extensión 63 páginas ;
Otros detalles físicos ilustraciones,
Dimensiones 25 cm.
440 ## - MENCIÓN DE SERIE/PUNTO DE ACCESO ADICIONAL--TÍTULO
Título Cuadernos de EUDEBA.
Número de la parte/sección de una obra 50
9 (RLIN) 39874
505 ## - NOTA DE CONTENIDO CON FORMATO
Nota de contenido formateada Contenido: Principios teóricos -- Relación entre el hombre y los monos antropoides -- Relación entre los monos antropoides y las catarrinos -- Relación entre los monos catarrinos y los platirrinos -- Relación entre los tarsioides, los monos platarrinos y los lemúridos ...
650 ## - PUNTO DE ACCESO ADICIONAL DE MATERIA--TÉRMINO DE MATERIA
Descriptor Evolución
9 (RLIN) 7012
650 ## - PUNTO DE ACCESO ADICIONAL DE MATERIA--TÉRMINO DE MATERIA
Descriptor Seres humanos
9 (RLIN) 21798
650 ## - PUNTO DE ACCESO ADICIONAL DE MATERIA--TÉRMINO DE MATERIA
Descriptor Origen
9 (RLIN) 15147
700 ## - PUNTO DE ACCESO ADICIONAL--NOMBRE DE PERSONA
Nombre Personal Marino, Mario A. (traducción)
9 (RLIN) 39083
710 ## - PUNTO DE ACCESO ADICIONAL--NOMBRE DE ENTIDAD CORPORATIVA
Nombre corporativo (En letras Mayúsculas) Editorial Universitaria de Buenos Aires.
9 (RLIN) 39875
942 ## - ELEMENTOS DE PUNTO DE ACCESO ADICIONAL (KOHA)
Fuente de clasificación
Tipo de item Libros-BMC
945 ## - PROCESAMIENTO DE INFORMACIÓN LOCAL (OCLC)
Catalogador achl
AAAA-MM-DD - Fecha de ingreso o modificacion 2019-05-15
Holdings
Estado de retiro (separado) Fuente de clasificación o esquema de estanterías Estado dañado Ubicación Sala donde se ubica Nombre de la colección Fecha de adquisición o compra Costo, precio normal en soles Signatura topográfica Código de Barras Última vez visto (Koha) Tipo de ítem (Koha)
No     Sala Ciencias Sala Ciencias Book Cart 2019-05-15 30.00 573.3 / C68 SC0000001631 2019-05-15 Libros-BMC

Powered by Koha